İstiklal harbimizin esasları (Record no. 12556)

MARC details
000 -BAŞLIK
Sabit Uzunlukta Kontrol Alanı 00789na a2200265 4500
001 - KONTROL NUMARASI
Denetim Alanı 24616
003 - KONTROL NUMARASI IDENTIFIER
Denetim Alanı MIRAKIL
005 - SON İŞLEM TARİHİ VE ZAMANI
Denetim Alanı 20190109120945.0
008 - SABİT-BOY VERİ ELEMANLARI - GENEL BİLGİLER
Sabit Uzunlukta Kontrol Alanı 181218b tu 000 0
020 ## - ULUSLARARASI STANDART KİTAP NUMARASI
Uluslararası Standart Kitap Numarası 9757369381
041 ## - DİL KODU
Metin / Ses Parça Veya Ayrı Başlığın Dil Kodu tur
082 ## - DEWEY ONLU SINIFLANDIRMA NUMARASI
Sınıflandırma Numarası 956.1023
Ürün Numarası K26i 1995
090 ## - SINIFLAMA NUMARASI
Sınıflama Numarası 956.1023 K26i 1995
100 ## - ANA GİRİŞ - KİŞİSEL İSİM
Kişisel Ad Karabekir, Kazım
Bir Adıyla İlişkilendirilen Tarihler 1882-1948
245 ## - BAŞLIK TABLOSU
Başlık İstiklal harbimizin esasları
Sorumluluk Tablosu, Vb Kazım Karabekir ; yayına hazırlayan Faruk Özerengin
260 ## - YAYIN, DAĞITIM, VB
Yayın, Dağıtım, Vb Yeri İstanbul
Yayıncı, Dağıtıcı, Vs Adı Emre yayınları
Yayın, Dağıtım, Vb Tarihi 1995
300 ## - FİZİKSEL TANIM
Kapsam 424 s.
Boyutlar 19 sm.
440 ## - SERİSİ TABLOSU / KATMA GİRİŞİ - BAŞLIK
Başlık Emre yayınları
Hacim / Ardışık Tanımı 44
490 ## - SERİSİ TABLOSU
Seri Beyanı Yakın tarih serisi
Hacim / Ardışık Tanımı 27
600 ## - KONU KATMA GİRİŞ - KURUMSAL ADI
Kişisel Ad Karabekir, Kazım
Bir Adıyla İlişkilendirilen Tarihler 1882-1948
650 ## - KONU KATMA GİRİŞ - TOPİKAL DÖNEM
Topikal Süreli Veya Coğrafi Ad Giriş Elemanı Tarih
Genel Alt Bölümü Kurtuluş Savaşı
651 ## - KONU KATMA GİRİŞ - COĞRAFİ ADI
Coğrafi İsim Türkiye
Genel Alt Bölümü Tarih
700 ## - KATMA GİRİŞ - KİŞİSEL İSİM
Kişisel Ad Özerengin, Faruk
Relator Terim yay. haz.
942 ## - EKLENDİ GİRİŞ ELEMANLARI (KOHA)
Sınıflandırma Veya Raf Düzeni Kaynak Dewey Decimal Classification
Koha Öğesi Türü Books
999 ## - SİSTEM KONTROL NUMARALARI (KOHA)
Koha Biblionumber 12556
Koha Biblioitemnumber 12556
Holdings
Kalıcı Konum Mevcut Konum Edinme Tarihi Edinim Kaynak Toplam Check-Out'Lar Tam Çağrı Numarası Barkod Tarih Son Görülme İtibaren Geçerli Fiyatlar Koha Öğesi Türü
CHP Kütüphanesi CHP Kütüphanesi 01/09/2019 Bağış   956.1023 K26i 1995 018693 01/09/2019 01/09/2019 Books